Formula 1 pilotos 2022 - Estadísticas

Estadísticas generales
  • Esta prueba ha sido intentada 900 veces
  • La puntuación promedio es 16 de 20
Estadísticas de respuestas
numero del piloto Respuesta % Correcto
1 max verstappen
98%
55 carlos sainz
95%
14 fernando alonso
95%
44 lewis hamilton
93%
4 lando norris
89%
11 sergio perez
88%
16 charles leclerc
87%
10 pierre gasly
86%
31 esteban ocon
84%
3 daniel ricciardo
83%
63 george russell
83%
77 valtteri bottas
82%
5 sebastian vettel
80%
18 lance stroll
79%
22 yuki tsunoda
79%
20 kevin magnussen
69%
23 alexander albon
63%
47 mick schumacher
61%
6 nicholas latifi
55%
24 guanyu zhou
51%
No se encontraron pruebas coincidentes
Distribución de puntuación
Porcentaje de gente con cada puntuación
Porcentaje por número respondido
Historial de tus puntuaciones
No has intentado esta prueba.